Daně při soukromém podnikání 2
Salvato in:
| Natura: | Libro |
|---|---|
| Lingua: | ceco |
| Pubblicazione: |
Frýdek-Místek
Ekonkonzult
1991
|
| Edizione: | 1. vyd. |
| Soggetti: | |
| Tags: |
Nessun Tag, puoi essere il primo ad aggiungerne!!
|
MARC
| LEADER | 00000nam a2200000 4500 | ||
|---|---|---|---|
| 001 | c001065 | ||
| 005 | 20250826122936.9 | ||
| 020 | |a 80-900749-5-2 | ||
| 041 | 0 | |a cze | |
| 044 | |a CZ | ||
| 245 | 1 | 0 | |a Daně při soukromém podnikání 2 |
| 250 | |a 1. vyd. | ||
| 264 | 1 | |a Frýdek-Místek |b Ekonkonzult |c 1991 | |
| 300 | |a 127 s. |e +príl. | ||
| 610 | 2 | 0 | |a dane podnikové |
| 610 | 2 | 0 | |a podnik súkromný |
| 610 | 2 | 0 | |a podnikanie súkromné |
| 610 | 2 | 0 | |a dane z príjmov |
| 610 | 2 | 0 | |a dane dôchodkové |
| 610 | 2 | 0 | |a dane zo mzdy |
| 610 | 2 | 0 | |a zákony |
| 610 | 2 | 0 | |a predpisy právne |
| 610 | 2 | 0 | |a ČSFR |